| 000 | 00953cad a22002295a 4500 | ||
|---|---|---|---|
| 001 | L157382 | ||
| 008 | 121120s20121119 d f s 000 0 eng u | ||
| 035 | _a(Sirsi) u157382 | ||
| 041 | 0 | _aeng | |
| 050 | _a333.33 $2 18 | ||
| 110 | 2 | _aRightmove | |
| 245 | 0 | 0 |
_aPrices fall but positive signs for 2013? _h[electronic resource] |
| 260 |
_aLondon _bRightmove _c2012 |
||
| 490 | 0 | 0 |
_aRightmove House Price Index _vNovember 2012 |
| 520 | _aNew sellers average asking prices decreased by 2.6% in October 2012 but were 2% year on year. Notes positive signs including a 20% increase in search activity and a 11% increase in enquiries compared with the same period in 2011. | ||
| 590 | _aKA | ||
| 650 | 2 | 4 | _aRIGHTMOVE HOUSE PRICE INDEX |
| 651 | 4 |
_aUnited Kingdom _y |
|
| 690 |
_aResidential property _96266 |
||
| 856 | 4 | 0 |
_uhttps://www.rightmove.co.uk/news/files/2012/11/november-2012.pdf _zView the item free of charge at www.rightmove.co.uk |
| 942 | _n0 | ||
| 999 |
_c114741 _d114741 |
||